Online
Catalog
Normal view MARC view

Entry Nombre personal

Number of records used in: 46

001 - NÚMERO DE CONTROL

  • campo de control: 12567

003 - IDENTIFICADOR DEL NÚMERO DE CONTROL

  • campo de control: BNPHU

005 - FECHA Y HORA DE LA ÚLTIMA TRANSACCIÓN

  • campo de control: 20240306164223.0

008 - DATOS DE LONGITUD FIJA

  • campo de control de longitud fija: 200615|| aca||aabn | a|a d

010 ## - NÚMERO DE CONTROL DE LA BIBLIOTECA DEL CONGRESO

  • Número de control de LC: n 79079153

040 ## - FUENTE DE LA CATALOGACIÓN

  • Centro catalogador/agencia de origen: DO-SdBNP
  • Lengua de catalogación: spa
  • Centro/agencia transcriptor: BNPHU

100 1# - ENCABEZAMIENTO-NOMBRE DE PERSONA

  • Nombre de persona: Vargas Llosa, Mario,
  • Fechas asociadas al nombre: 1936-

368 ## - OTROS ATRIBUTOS DE PERSONA O ENTIDAD CORPORATIVA

  • Otra designación: Ganador Premio Nobel de la Paz, 2010

370 ## - LUGAR ASOCIADO

  • Lugar de nacimiento: Arequipa (Perú)
  • País asociado: Perú

374 ## - OCUPACIÓN

  • Ocupación: Novelista
  • Ocupación: Ensayista
  • Ocupación: Periodista
  • Ocupación: Político

375 ## - GÉNERO/SEXO

  • Género/Sexo: Masculino

377 ## - LENGUA/LENGUAJE ASOCIADO

  • Código del idioma: spa

378 ## - FORMA COMPLETA/DESARROLLADA DEL NOMBRE

  • Forma completa/desarrollada del nombre: Jorge Mario Pedro

400 1# - TRAZADO DE VÉASE--NOMBRE DE PERSONA

  • Nombre de persona: Vargas, Mario,
  • Fechas asociadas al nombre: 1936-

400 1# - TRAZADO DE VÉASE--NOMBRE DE PERSONA

  • Nombre de persona: Llosa, Mario Vargas,
  • Fechas asociadas al nombre: 1936-

400 1# - TRAZADO DE VÉASE--NOMBRE DE PERSONA

  • Nombre de persona: Vargas Llosa, M.
  • Fechas asociadas al nombre: 1937-
  • Forma completa/desarrollada del nombre: (Mario)

400 1# - TRAZADO DE VÉASE--NOMBRE DE PERSONA

  • Nombre de persona: Llosa, M. Vargas ,
  • Fechas asociadas al nombre: 1936-
  • Forma completa/desarrollada del nombre: (Mario Vargas)

670 ## - FUENTE DE DATOS ENCONTRADOS

  • Cita de la fuente: Work cat.: (OSt)4066: Vargas Llosa, Mario, 1936-, Obra reunida :, 1999.

670 ## - FUENTE DE DATOS ENCONTRADOS

  • Cita de la fuente: Los jefes, 1959.

670 ## - FUENTE DE DATOS ENCONTRADOS

  • Cita de la fuente: Pantaleón y las visitadoras, 1980:

Powered by Koha